000 00736nam a2200241 i 4500
003 DO-SdBNP
005 20260701130024.0
007 ta
008 260701b2002 dr ||||| |||| 00| 0 spa d
040 _aDO-SdBNP
_bspa
_cBNPHU
_erda
041 _aspa
082 4 _axxx
_bG463L
_222
100 1 _aGil Rosa, Carlos Antonio
_eautor
_4aut.
_990460
245 1 4 _aLos últimos días en la vida de un suicida /
_cCarlos Antonio Gil Rosa
250 _aPrimera edición
264 _aSanto Domingo
_bImpreso Master Graf,
_c2002.
300 _a47 páginas ;
_c23 cm.
336 _atexto
_btxt
_2rdacontent
337 _asin mediación
_bn
_2rdamedia
338 _avolumen
_bnc
_2rdacarrier
590 _aInventariado, 2026 /LP
942 _2ddc
_cLBS1
999 _c60983
_d60983